Schaum's outline of differential equations / Richard Bronson, Gabriel B. Costa. (Record no. 22217)

000 -LEADER
fixed length control field 00583nam a22001817a 4500
020 ## - INTERNATIONAL STANDARD BOOK NUMBER
ISBN 9781264258833 (ebook)
082 ## - DEWEY DECIMAL CLASSIFICATION NUMBER
Classification number 515.35
Item number B869d 2022
100 ## - MAIN ENTRY--AUTHOR NAME
Personal name Bronson, Richard, author.
245 ## - TITLE STATEMENT
Title Schaum's outline of differential equations / Richard Bronson, Gabriel B. Costa.
250 ## - EDITION STATEMENT
Edition statement Fifth Edition.
260 ## - PUBLICATION, DISTRIBUTION, ETC. (IMPRINT)
Place of publication New York, NY :
Name of publisher McGraw Hill,
Year of publication c2022.
300 ## - PHYSICAL DESCRIPTION
Number of Pages 1 online resource, xiv, 414 pages :
Other physical details illustrations.
490 ## - SERIES STATEMENT
Series statement Schaum's outlines
500 ## - GENERAL NOTE
General note Includes index.
650 ## - SUBJECT ADDED ENTRY--TOPICAL TERM
Topical Term Differential equations.
700 ## - ADDED ENTRY--PERSONAL NAME
Personal name Costa, Gabriel B.
942 ## - ADDED ENTRY ELEMENTS (KOHA)
Koha item type Electronic Books
Holdings
Source of acquisition Permanent Location Date acquired Collection code Koha item type Lost status Shelving location Withdrawn status Current Location Full call number
DonationCagayan State University - Carig Library2026-04-15E-BooksElectronic Books E-Resource Section Cagayan State University - Carig Library515.35 B869d 2022

Cagayan State University University Library, Carig Campus
Tuguegarao City, Cagayan 3500 | www.csucarig.edu.ph

Powered by Koha